[Event "Russian Team Championships 2014 (men)"]
[Site "Sochi (Loo)"]
[Date "2014.04.10"]
[Round "4.16"]
[White "Najer, Evgeniy"]
[Black "Sarana, Alexey"]
[Result "1-0"]
[LiveChessVersion "1.4.2"]
[BlackElo "2372"]
[WhiteElo "2655"]
[BlackTeam "Moscow region"]
[WhiteTeam "SHSM-Nashe nasledie"]

1. e4 {[%clk 1:30:57]} e5 {[%clk 1:30:45]} 2. Nf3 {[%clk 1:31:22]} Nc6
{[%clk 1:31:06]} 3. Bb5 {[%clk 1:31:47]} a6 {[%clk 1:31:19]} 4. Ba4
{[%clk 1:32:14]} Nf6 {[%clk 1:31:36]} 5. O-O {[%clk 1:32:40]} Be7
{[%clk 1:31:46]} 6. d3 {[%clk 1:31:06]} b5 {[%clk 1:31:39]} 7. Bb3
{[%clk 1:31:31]} d6 {[%clk 1:31:43]} 8. a4 {[%clk 1:31:22]} b4 {[%clk 1:31:23]}
9. a5 {[%clk 1:31:45]} O-O {[%clk 1:31:28]} 10. Nbd2 {[%clk 1:31:36]} Rb8
{[%clk 1:30:55]} 11. Bc4 {[%clk 1:28:24]} Be6 {[%clk 1:22:17]} 12. b3
{[%clk 1:18:21]} Qc8 {[%clk 1:11:42]} 13. Bb2 {[%clk 1:17:39]} Nd7
{[%clk 1:10:58]} 14. Qe2 {[%clk 1:03:42]} Bf6 {[%clk 1:05:32]} 15. Qe3
{[%clk 0:53:46]} Nc5 {[%clk 0:58:59]} 16. d4 {[%clk 0:47:42]} exd4
{[%clk 0:52:05]} 17. Nxd4 {[%clk 0:47:55]} Nxd4 {[%clk 0:51:30]} 18. Bxd4
{[%clk 0:48:20]} Bxd4 {[%clk 0:51:23]} 19. Qxd4 {[%clk 0:48:46]} Re8
{[%clk 0:47:06]} 20. Rfe1 {[%clk 0:48:00]} Bxc4 {[%clk 0:45:06]} 21. Nxc4
{[%clk 0:45:43]} Rb5 {[%clk 0:45:13]} 22. Re3 {[%clk 0:42:03]} Nd7
{[%clk 0:33:01]} 23. f4 {[%clk 0:35:24]} Nb8 {[%clk 0:30:00]} 24. Rg3
{[%clk 0:30:16]} g6 {[%clk 0:30:23]} 25. Ne3 {[%clk 0:30:11]} Nc6
{[%clk 0:29:31]} 26. Qb2 {[%clk 0:15:02]} Rxe4 {[%clk 0:14:15]} 27. Ng4
{[%clk 0:15:31]} Rd4 {[%clk 0:10:00]} 28. Re1 {[%clk 0:15:58]} Kg7
{[%clk 0:10:24]} 29. Re4 {[%clk 0:13:33]} Rbd5 {[%clk 0:08:53]} 30. Ne3
{[%clk 0:12:44]} f6 {[%clk 0:06:42]} 31. Nxd5 {[%clk 0:11:50]} Rd1+
{[%clk 0:07:08]} 32. Kf2 {[%clk 0:11:58]} Rd2+ {[%clk 0:07:20]} 33. Kg1
{[%clk 0:10:34]} Rd1+ {[%clk 0:07:45]} 34. Kf2 {[%clk 0:11:00]} Rd2+
{[%clk 0:08:10]} 35. Ke1 {[%clk 0:07:50]} Rxd5 {[%clk 0:08:34]} 36. Rg5
{[%clk 0:07:40]} Rf5 {[%clk 0:03:34]} 37. g4 {[%clk 0:02:21]} d5 {[%clk 0:03:56]}
38. Rxf5 {[%clk 0:00:38]} gxf5 {[%clk 0:04:21]} 39. g5 {[%clk 0:00:48]} fxe4
{[%clk 0:01:36]} 40. Qxf6+ {[%clk 0:31:13]} Kg8 {[%clk 0:32:04]} 41. Qxc6
{[%clk 0:31:39]} Qf5 {[%clk 0:23:42]} 42. Qa8+ {[%clk 0:27:16]} Kf7
{[%clk 0:16:05]} 43. Qxa6 {[%clk 0:27:42]} Qg4 {[%clk 0:14:51]} 44. Qf6+
{[%clk 0:27:59]} Ke8 {[%clk 0:15:12]} 45. Qe5+ {[%clk 0:27:32]} Kf8
{[%clk 0:15:31]} 46. a6 {[%clk 0:18:36]} Qg1+ {[%clk 0:11:10]} 47. Kd2
{[%clk 0:18:32]} Qf2+ {[%clk 0:04:40]} 48. Kc1 {[%clk 0:18:43]} Qf1+
{[%clk 0:05:05]} 49. Kb2 {[%clk 0:19:09]} Qxa6 {[%clk 0:05:26]} 50. Qh8+
{[%clk 0:18:05]} 1-0

[Event "Russian Team Championships 2014 (men)"]
[Site "Sochi (Loo)"]
[Date "2014.04.10"]
[Round "4.29"]
[White "Vokarev, Sergey"]
[Black "Geller, Jakov"]
[Result "1/2-1/2"]
[LiveChessVersion "1.4.2"]
[BlackElo "2504"]
[WhiteElo "2468"]
[BlackTeam "Zhiguli"]
[WhiteTeam "Politekhnik"]

1. e4 {[%clk 1:30:59]} c5 {[%clk 1:30:55]} 2. Nf3 {[%clk 1:31:25]} d6
{[%clk 1:31:19]} 3. Bb5+ {[%clk 1:30:47]} Bd7 {[%clk 1:31:40]} 4. Bxd7+
{[%clk 1:31:13]} Qxd7 {[%clk 1:31:50]} 5. c4 {[%clk 1:31:08]} Nf6
{[%clk 1:31:26]} 6. Nc3 {[%clk 1:31:08]} g6 {[%clk 1:31:18]} 7. d4
{[%clk 1:28:29]} cxd4 {[%clk 1:31:40]} 8. Nxd4 {[%clk 1:28:51]} Bg7
{[%clk 1:31:47]} 9. O-O {[%clk 1:25:17]} Nc6 {[%clk 1:28:38]} 10. Nde2
{[%clk 1:21:44]} Qe6 {[%clk 1:21:20]} 11. Nd5 {[%clk 1:21:55]} Qxe4
{[%clk 1:21:40]} 12. Nc7+ {[%clk 1:22:21]} Kd7 {[%clk 1:22:05]} 13. Nxa8
{[%clk 1:22:45]} Qxc4 {[%clk 1:22:25]} 14. Nb6+ {[%clk 1:17:05]} axb6
{[%clk 1:22:44]} 15. Nc3 {[%clk 1:13:21]} Ra8 {[%clk 1:17:20]} 16. a4 Nb4
{[%clk 1:06:47]} 17. Qf3 {[%clk 0:59:34]} Rb8 {[%clk 0:54:32]} 18. Be3
{[%clk 0:43:06]} Qg4 {[%clk 0:46:34]} 19. Qxg4+ {[%clk 0:40:59]} Nxg4
{[%clk 0:46:41]} 20. Bxb6 {[%clk 0:40:08]} Ne5 {[%clk 0:41:49]} 21. a5
{[%clk 0:30:44]} Ned3 {[%clk 0:37:47]} 22. Ra3 {[%clk 0:21:44]} Rc8
{[%clk 0:28:16]} 23. Rb3 {[%clk 0:20:01]} Rc4 {[%clk 0:23:02]} 24. Na4
{[%clk 0:13:49]} e5 {[%clk 0:13:50]} 25. Be3 {[%clk 0:13:57]} Kc6
{[%clk 0:12:02]} 26. Bd2 {[%clk 0:12:38]} e4 {[%clk 0:02:01]} 27. Nb6
{[%clk 0:12:48]} Kb5 {[%clk 0:02:14]} 28. Nd5 {[%clk 0:09:23]} Ka4
{[%clk 0:00:48]} 29. Ra3+ {[%clk 0:07:22]} Kb5 {[%clk 0:01:17]} 30. Bxb4
{[%clk 0:04:43]} Nxb4 {[%clk 0:01:10]} 31. Rb3 {[%clk 0:04:51]} Kxa5
{[%clk 0:01:06]} 32. Ra1+ {[%clk 0:04:24]} Kb5 {[%clk 0:01:34]} 33. Nc3+
{[%clk 0:04:15]} Kc6 {[%clk 0:00:53]} 34. Ra4 {[%clk 0:04:22]} Kc5
{[%clk 0:01:08]} 35. Ra5+ {[%clk 0:04:11]} Kc6 {[%clk 0:01:29]} 36. Ra4
{[%clk 0:03:07]} Kc5 {[%clk 0:01:57]} 37. Ra7 {[%clk 0:01:53]} Kc6
{[%clk 0:01:58]} 38. Ra8 {[%clk 0:01:08]} Nd5 {[%clk 0:00:52]} 39. Rc8+
{[%clk 0:01:26]} Nc7 {[%clk 0:01:20]} 40. Kf1 {[%clk 0:31:04]} d5
{[%clk 0:31:06]} 41. Rb8 {[%clk 0:19:42]} f5 {[%clk 0:24:05]} 42. R8xb7
{[%clk 0:19:41]} d4 {[%clk 0:23:58]} 43. R3b6+ {[%clk 0:16:46]} Kd7
{[%clk 0:24:13]} 44. Nd1 {[%clk 0:15:53]} Rc2 {[%clk 0:18:38]} 45. Rb4
{[%clk 0:15:21]} f4 {[%clk 0:15:16]} 46. b3 {[%clk 0:14:31]} e3 {[%clk 0:13:25]}
47. Rc4 {[%clk 0:11:19]} e2+ {[%clk 0:12:15]} 48. Ke1 {[%clk 0:11:40]} Rxc4
{[%clk 0:11:49]} 49. bxc4 {[%clk 0:11:59]} exd1=R+ {[%clk 0:12:13]} 50. Kxd1
{[%clk 0:12:25]} Kc6 {[%clk 0:12:30]} 51. Ra7 {[%clk 0:11:02]} Kb6
{[%clk 0:12:27]} 52. Ra2 {[%clk 0:10:45]} Na6 {[%clk 0:11:55]} 53. Re2
{[%clk 0:10:19]} d3 {[%clk 0:08:55]} 54. Re6+ {[%clk 0:10:29]} Ka5
{[%clk 0:09:09]} 55. Re7 {[%clk 0:07:53]} Bc3 {[%clk 0:09:14]} 56. Rb7
{[%clk 0:06:55]} h5 {[%clk 0:05:44]} 57. Rb3 {[%clk 0:06:57]} Bd4
{[%clk 0:05:46]} 58. Ra3+ {[%clk 0:07:23]} Kb6 {[%clk 0:05:47]} 59. Rxd3
{[%clk 0:07:38]} Kc5 {[%clk 0:06:07]} 60. Rf3 {[%clk 0:06:48]} Be5
{[%clk 0:05:47]} 61. Ra3 {[%clk 0:07:05]} Nb4 {[%clk 0:06:00]} 62. Ra5+
{[%clk 0:06:20]} Kd4 {[%clk 0:06:23]} 63. Ke2 {[%clk 0:06:29]} g5
{[%clk 0:05:16]} 64. h3 {[%clk 0:05:23]} Nc6 {[%clk 0:04:29]} 65. Ra6
{[%clk 0:05:26]} Kc5 {[%clk 0:03:51]} 66. Kf3 {[%clk 0:05:35]} Bd4
{[%clk 0:03:39]} 67. Ra2 {[%clk 0:04:46]} Kxc4 {[%clk 0:02:17]} 68. Ke4
{[%clk 0:05:10]} Bb6 {[%clk 0:01:06]} 69. Rc2+ {[%clk 0:04:44]} Kb5
{[%clk 0:01:34]} 70. Rb2+ {[%clk 0:05:07]} Kc5 {[%clk 0:02:01]} 71. Rd2
{[%clk 0:04:17]} Bd8 {[%clk 0:01:43]} 72. h4 {[%clk 0:03:39]} gxh4
{[%clk 0:01:38]} 73. Rd5+ {[%clk 0:04:08]} Kc4 {[%clk 0:01:32]} 74. Rxh5
{[%clk 0:04:37]} Bb6 {[%clk 0:01:13]} 75. Rh6 {[%clk 0:03:49]} Kb5
{[%clk 0:01:23]} 76. f3 {[%clk 0:01:50]} Bc7 {[%clk 0:01:33]} 77. Rxh4
{[%clk 0:01:54]} Ne7 {[%clk 0:01:22]} 78. Rxf4 {[%clk 0:01:41]} Bxf4
{[%clk 0:01:46]} 79. Kxf4 {[%clk 0:02:10]} Kc6 {[%clk 0:02:09]} 80. Ke5
{[%clk 0:02:20]} Ng6+ {[%clk 0:02:00]} 81. Ke4 Kd5+ 82. Kd4+ 1/2-1/2

[Event "Russian Team Championships 2014 (men)"]
[Site "Sochi (Loo)"]
[Date "2014.04.11"]
[Round "5.6"]
[White "Khairullin, Ildar"]
[Black "Aleksandrov, Aleksej"]
[Result "1/2-1/2"]
[LiveChessVersion "1.4.2"]
[BlackElo "2539"]
[WhiteElo "2650"]
[BlackTeam "Universitet"]
[WhiteTeam "SPBSHF"]

1. c4 Nf6 {[%clk 1:28:09]} 2. Nf3 {[%clk 1:30:22]} e6 {[%clk 1:28:32]} 3. g3
{[%clk 1:30:43]} d5 {[%clk 1:28:55]} 4. Bg2 {[%clk 1:31:01]} dxc4
{[%clk 1:29:22]} 5. Qa4+ {[%clk 1:31:22]} Nbd7 {[%clk 1:29:48]} 6. Qxc4
{[%clk 1:31:37]} c5 {[%clk 1:30:15]} 7. Qb3 {[%clk 1:22:19]} Rb8 8. a4
{[%clk 1:08:54]} b6 {[%clk 1:27:57]} 9. d3 {[%clk 1:06:24]} Bd6 {[%clk 1:23:30]}
10. Na3 {[%clk 1:03:13]} a6 11. O-O {[%clk 1:01:21]} Bb7 {[%clk 1:24:10]} 12. Nc4
{[%clk 0:59:10]} Bc7 {[%clk 1:22:32]} 13. Bd2 {[%clk 0:56:03]} O-O
{[%clk 1:22:52]} 14. Qa3 {[%clk 0:44:31]} b5 {[%clk 0:56:31]} 15. axb5
{[%clk 0:44:09]} axb5 {[%clk 0:56:57]} 16. Na5 {[%clk 0:41:51]} Ba8
{[%clk 0:39:28]} 17. b4 {[%clk 0:33:40]} Ne5 {[%clk 0:25:54]} 18. Nxe5
{[%clk 0:16:49]} Bxe5 {[%clk 0:26:23]} 19. Rac1 {[%clk 0:16:58]} c4
{[%clk 0:25:35]} 20. Rfd1 {[%clk 0:16:29]} cxd3 {[%clk 0:25:18]} 21. Be3
{[%clk 0:13:55]} Nd5 {[%clk 0:18:38]} 22. Rxd3 {[%clk 0:09:13]} Qf6
{[%clk 0:18:15]} 23. Rd2 {[%clk 0:08:59]} Bc3 {[%clk 0:16:52]} 24. Rxd5
{[%clk 0:03:56]} Bb2 {[%clk 0:17:00]} 25. Qd3 {[%clk 0:04:23]} Bxc1
{[%clk 0:11:20]} 26. Bd4 {[%clk 0:01:58]} Qg6 {[%clk 0:11:45]} 27. Qxg6
{[%clk 0:01:59]} hxg6 {[%clk 0:12:10]} 28. Rc5 {[%clk 0:02:27]} Bd2
{[%clk 0:02:52]} 29. Bxa8 {[%clk 0:02:08]} Bxb4 {[%clk 0:01:26]} 30. Bb7
{[%clk 0:02:34]} Bxa5 {[%clk 0:01:13]} 31. Rxb5 {[%clk 0:03:02]} Bc7
{[%clk 0:01:32]} 32. Ba7 {[%clk 0:03:15]} Rbd8 {[%clk 0:01:58]} 33. Be4
{[%clk 0:02:44]} Rd2 {[%clk 0:02:04]} 34. Bd3 {[%clk 0:03:07]} Ra2
{[%clk 0:02:25]} 35. Rb7 {[%clk 0:01:13]} Be5 {[%clk 0:02:30]} 36. Kg2
{[%clk 0:01:02]} Rd8 {[%clk 0:02:02]} 37. Be3 {[%clk 0:00:46]} Bd4
{[%clk 0:02:18]} 38. Bxd4 {[%clk 0:00:49]} Rxd4 {[%clk 0:02:46]} 39. Rb8+
{[%clk 0:01:14]} Kh7 {[%clk 0:03:08]} 40. Rb7 {[%clk 0:31:20]} Kg8
{[%clk 0:33:26]} 41. Rb8+ {[%clk 0:31:42]} Kh7 42. Rb7 {[%clk 0:28:37]} f6
{[%clk 0:31:35]} 43. Re7 {[%clk 0:27:34]} e5 {[%clk 0:29:47]} 44. h4
{[%clk 0:27:59]} Ra5 {[%clk 0:29:52]} 45. Re6 {[%clk 0:25:20]} f5
{[%clk 0:23:56]} 46. f3 {[%clk 0:25:45]} Kg8 {[%clk 0:21:04]} 47. Rxg6
{[%clk 0:25:19]} e4 {[%clk 0:21:30]} 48. fxe4 {[%clk 0:11:01]} fxe4
{[%clk 0:21:58]} 49. Ba6 {[%clk 0:11:19]} Rc5 {[%clk 0:17:39]} 50. Kf2
{[%clk 0:10:36]} Ra4 {[%clk 0:16:57]} 51. Ke3 {[%clk 0:07:33]} Kh7
{[%clk 0:16:39]} 52. Rb6 {[%clk 0:07:58]} g5 {[%clk 0:16:32]} 53. Kxe4 1/2-1/2

[Event "Russian Team Championships 2014 (men)"]
[Site "Sochi (Loo)"]
[Date "2014.04.11"]
[Round "5.22"]
[White "Volokitin, Andrei"]
[Black "Bortnyk, Olexandr"]
[Result "0-1"]
[LiveChessVersion "1.4.2"]
[BlackElo "2495"]
[WhiteElo "2647"]
[BlackTeam "Turbonasos"]
[WhiteTeam "Ladja"]

1. e4 {[%clk 1:30:57]} Nf6 {[%clk 1:30:35]} 2. e5 {[%clk 1:31:18]} Nd5
{[%clk 1:31:00]} 3. d4 {[%clk 1:31:40]} d6 {[%clk 1:31:27]} 4. c4
{[%clk 1:32:02]} Nb6 {[%clk 1:31:54]} 5. exd6 {[%clk 1:32:26]} exd6
{[%clk 1:32:20]} 6. Nc3 {[%clk 1:32:49]} Be7 {[%clk 1:32:45]} 7. h3
{[%clk 1:30:01]} O-O {[%clk 1:32:24]} 8. Bd3 {[%clk 1:29:49]} Re8
{[%clk 1:32:45]} 9. Nge2 {[%clk 1:29:34]} Bf6 {[%clk 1:33:07]} 10. O-O
{[%clk 1:29:27]} Nc6 {[%clk 1:33:33]} 11. b3 {[%clk 1:23:04]} d5 {[%clk 1:30:00]}
12. c5 {[%clk 1:17:48]} Nd7 {[%clk 1:30:25]} 13. Bc2 {[%clk 0:35:26]} Nf8
{[%clk 1:29:20]} 14. Be3 {[%clk 0:34:51]} b6 {[%clk 1:25:17]} 15. cxb6
{[%clk 0:33:05]} axb6 {[%clk 1:25:22]} 16. a3 {[%clk 0:31:00]} Na5
{[%clk 1:12:40]} 17. Bd3 {[%clk 0:27:24]} Bb7 {[%clk 1:04:06]} 18. Qc2
{[%clk 0:25:38]} c5 {[%clk 1:01:09]} 19. Rfd1 {[%clk 0:16:32]} Rxe3
{[%clk 0:49:19]} 20. fxe3 {[%clk 0:16:55]} Qe8 {[%clk 0:49:35]} 21. b4
{[%clk 0:11:56]} Qxe3+ {[%clk 0:49:59]} 22. Kh1 {[%clk 0:11:35]} cxd4
{[%clk 0:37:33]} 23. bxa5 {[%clk 0:11:26]} dxc3 {[%clk 0:36:02]} 24. a6
{[%clk 0:11:31]} Rxa6 {[%clk 0:34:48]} 25. Bxa6 {[%clk 0:06:03]} Bxa6
{[%clk 0:35:10]} 26. Nc1 {[%clk 0:04:31]} d4 {[%clk 0:34:41]} 27. Nd3
{[%clk 0:03:27]} Bb7 {[%clk 0:32:10]} 28. Nf2 {[%clk 0:02:38]} Bh4
{[%clk 0:32:11]} 29. Rf1 {[%clk 0:02:09]} Ne6 {[%clk 0:30:24]} 30. Nd1
{[%clk 0:01:32]} Qxh3+ {[%clk 0:30:03]} 31. Kg1 {[%clk 0:02:01]} Qg4
{[%clk 0:29:58]} 32. Ra2 {[%clk 0:02:09]} Bd5 {[%clk 0:30:00]} 33. Qa4
{[%clk 0:02:37]} Bxa2 {[%clk 0:29:41]} 34. Nxc3 {[%clk 0:02:34]} Bb3
{[%clk 0:28:17]} 35. Qxb3 {[%clk 0:00:57]} dxc3 {[%clk 0:28:26]} 36. Qxc3
{[%clk 0:01:19]} Qd4+ {[%clk 0:27:31]} 37. Qxd4 {[%clk 0:01:47]} Nxd4
{[%clk 0:27:55]} 38. Rb1 {[%clk 0:01:36]} Bd8 {[%clk 0:28:19]} 39. Kf2
{[%clk 0:01:39]} Ne6 {[%clk 0:28:28]} 40. Ke3 {[%clk 0:31:38]} Be7
{[%clk 0:58:52]} 41. a4 {[%clk 0:31:46]} h5 {[%clk 0:59:10]} 42. Kd2
{[%clk 0:31:11]} Bc5 {[%clk 0:59:32]} 43. Kc3 {[%clk 0:31:33]} h4
{[%clk 0:59:57]} 44. Kc4 {[%clk 0:31:58]} g5 {[%clk 1:00:06]} 45. Kd4 0-1

[Event "Russian Team Championships 2014 (men)"]
[Site "Sochi (Loo)"]
[Date "2014.04.12"]
[Round "6.1"]
[White "Karjakin, Sergey"]
[Black "Kamsky, Gata"]
[Result "1/2-1/2"]
[LiveChessVersion "1.4.2"]
[BlackElo "2714"]
[WhiteElo "2772"]
[BlackTeam "Ladja"]
[WhiteTeam "Malakhit"]

1. e4 {[%clk 1:30:58]} g6 {[%clk 1:30:42]} 2. d4 {[%clk 1:31:21]} Bg7
{[%clk 1:31:05]} 3. Nc3 {[%clk 1:31:45]} d6 {[%clk 1:31:29]} 4. f4
{[%clk 1:32:08]} a6 {[%clk 1:31:54]} 5. Nf3 {[%clk 1:31:32]} b5 {[%clk 1:32:10]}
6. Bd3 {[%clk 1:31:57]} Nd7 {[%clk 1:31:24]} 7. e5 {[%clk 1:30:42]} c5
{[%clk 1:31:28]} 8. Be4 {[%clk 1:28:54]} Rb8 {[%clk 1:31:53]} 9. Ne2
{[%clk 1:15:22]} Nh6 {[%clk 1:03:30]} 10. c3 {[%clk 1:09:59]} cxd4
{[%clk 0:57:29]} 11. cxd4 {[%clk 1:08:14]} e6 {[%clk 0:54:44]} 12. O-O
{[%clk 0:57:01]} Qb6 {[%clk 0:46:09]} 13. h3 {[%clk 0:54:24]} Nf5
{[%clk 0:46:32]} 14. Kh2 {[%clk 0:53:50]} Bb7 {[%clk 0:41:53]} 15. Bxb7
{[%clk 0:54:08]} Qxb7 {[%clk 0:42:08]} 16. Ng3 {[%clk 0:44:02]} Nxg3
{[%clk 0:42:22]} 17. Kxg3 {[%clk 0:44:26]} Nb6 {[%clk 0:38:37]} 18. Qe2
{[%clk 0:41:01]} O-O {[%clk 0:37:50]} 19. Ng5 {[%clk 0:39:38]} dxe5
{[%clk 0:30:38]} 20. dxe5 {[%clk 0:39:37]} Nd5 {[%clk 0:25:59]} 21. Bd2
{[%clk 0:38:54]} Rfc8 {[%clk 0:22:51]} 22. Rac1 {[%clk 0:35:52]} Bf8
{[%clk 0:22:41]} 23. Ne4 {[%clk 0:34:41]} Be7 {[%clk 0:21:45]} 24. Be3
{[%clk 0:29:35]} Rxc1 {[%clk 0:17:59]} 25. Rxc1 {[%clk 0:29:48]} Rc8
{[%clk 0:18:02]} 26. Rd1 {[%clk 0:24:13]} Rc4 {[%clk 0:14:59]} 27. Bd4
{[%clk 0:24:38]} Qc7 {[%clk 0:15:05]} 28. b3 {[%clk 0:24:33]} Rc2
{[%clk 0:14:34]} 29. Rd2 {[%clk 0:24:56]} Rc1 {[%clk 0:14:49]} 30. Rd1
{[%clk 0:23:40]} f5 {[%clk 0:14:44]} 31. Nf2 {[%clk 0:18:37]} Bh4+
{[%clk 0:09:34]} 32. Kxh4 {[%clk 0:16:26]} Nxf4 {[%clk 0:08:41]} 33. Qf3
{[%clk 0:15:43]} Qd8+ {[%clk 0:07:12]} 34. Kg3 {[%clk 0:16:00]} Rxd1
{[%clk 0:07:36]} 35. Qxd1 {[%clk 0:15:24]} Qxd4 {[%clk 0:08:00]} 36. Qxd4
{[%clk 0:15:50]} Ne2+ {[%clk 0:08:28]} 37. Kf3 {[%clk 0:15:37]} Nxd4+
{[%clk 0:08:54]} 38. Ke3 {[%clk 0:16:03]} Nc6 {[%clk 0:09:19]} 39. Nd3
{[%clk 0:16:28]} a5 {[%clk 0:09:38]} 40. a4 {[%clk 0:43:55]} b4 {[%clk 0:38:29]}
41. Kf4 {[%clk 0:40:32]} h6 {[%clk 0:38:04]} 42. h4 {[%clk 0:40:11]} Kf7
{[%clk 0:38:20]} 43. Nc5 {[%clk 0:36:39]} Ke7 {[%clk 0:32:23]} 44. Nb7
{[%clk 0:36:27]} Kf8 {[%clk 0:31:02]} 45. Nc5 {[%clk 0:32:48]} Kf7
{[%clk 0:31:01]} 46. Nb7 {[%clk 0:31:59]} Ke7 {[%clk 0:31:03]} 47. Nc5
{[%clk 0:31:51]} Nd8 {[%clk 0:29:53]} 48. g4 {[%clk 0:27:11]} fxg4
{[%clk 0:21:54]} 49. Kxg4 {[%clk 0:27:34]} Nf7 {[%clk 0:21:10]} 50. Kf4
{[%clk 0:27:34]} g5+ {[%clk 0:21:29]} 51. hxg5 {[%clk 0:27:58]} hxg5+
{[%clk 0:21:57]} 52. Ke4 {[%clk 0:27:12]} Nd8 {[%clk 0:20:15]} 53. Kd3
{[%clk 0:22:18]} Nc6 {[%clk 0:14:10]} 54. Kc4 {[%clk 0:20:52]} Nxe5+
{[%clk 0:06:05]} 55. Kb5 {[%clk 0:21:20]} Kf6 {[%clk 0:06:08]} 56. Ne4+
{[%clk 0:20:30]} Kf5 {[%clk 0:06:33]} 57. Ng3+ {[%clk 0:20:56]} Kf4
{[%clk 0:05:30]} 58. Nf1 {[%clk 0:20:12]} g4 {[%clk 0:02:48]} 59. Kxa5
{[%clk 0:20:37]} Nf3 {[%clk 0:03:04]} 60. Kxb4 {[%clk 0:19:40]} Nd2
{[%clk 0:03:14]} 61. a5 {[%clk 0:18:44]} Nxf1 {[%clk 0:03:38]} 62. a6
{[%clk 0:19:09]} Ne3 {[%clk 0:02:36]} 63. a7 {[%clk 0:19:34]} Nd5+
{[%clk 0:03:00]} 64. Kc5 {[%clk 0:20:00]} Nc7 {[%clk 0:03:25]} 65. Kc6
{[%clk 0:20:26]} Na8 {[%clk 0:03:54]} 66. Kb7 {[%clk 0:20:50]} g3
{[%clk 0:04:23]} 67. Kxa8 {[%clk 0:21:14]} g2 {[%clk 0:04:51]} 68. Kb7
{[%clk 0:21:38]} g1=Q {[%clk 0:05:18]} 69. a8=Q {[%clk 0:22:03]} Qg2+
{[%clk 0:05:41]} 70. Kb8 {[%clk 0:22:28]} Qxa8+ {[%clk 0:01:11]} 71. Kxa8
{[%clk 0:22:51]} Ke5 {[%clk 0:01:35]} 72. b4 {[%clk 0:23:09]} Kd5
{[%clk 0:01:57]} 73. Kb7 {[%clk 0:22:51]} e5 {[%clk 0:02:15]} 74. b5
{[%clk 0:23:17]} e4 {[%clk 0:02:38]} 75. b6 {[%clk 0:23:43]} e3 {[%clk 0:03:03]}
76. Ka8 {[%clk 0:24:09]} e2 {[%clk 0:03:29]} 77. b7 {[%clk 0:24:36]} e1=Q
{[%clk 0:03:55]} 78. b8=Q {[%clk 0:25:01]} Ke5 1/2-1/2

[Event "Russian Team Championships 2014 (men)"]
[Site "Sochi (Loo)"]
[Date "2014.04.12"]
[Round "6.11"]
[White "Tregubov, Pavel V."]
[Black "Najer, Evgeniy"]
[Result "1/2-1/2"]
[LiveChessVersion "1.4.2"]
[BlackElo "2655"]
[WhiteElo "2620"]
[BlackTeam "SHSM-Nashe nasledie"]
[WhiteTeam "Universitet"]

1. d4 {[%clk 1:30:54]} d5 {[%clk 1:30:56]} 2. c4 {[%clk 1:31:17]} c6
{[%clk 1:31:23]} 3. cxd5 {[%clk 1:31:36]} cxd5 {[%clk 1:31:49]} 4. Bf4
{[%clk 1:31:59]} Nc6 {[%clk 1:32:16]} 5. Nc3 {[%clk 1:32:22]} e5 {[%clk 1:27:03]}
6. Bxe5 {[%clk 1:23:44]} Nxe5 {[%clk 1:26:55]} 7. dxe5 {[%clk 1:24:09]} d4
{[%clk 1:24:57]} 8. Ne4 {[%clk 1:22:56]} Nh6 {[%clk 0:55:22]} 9. Nd6+
{[%clk 1:13:37]} Bxd6 {[%clk 0:54:25]} 10. exd6 {[%clk 1:14:03]} Nf5
{[%clk 0:43:28]} 11. Nf3 {[%clk 1:13:38]} O-O {[%clk 0:38:22]} 12. g4
{[%clk 1:08:58]} Qa5+ {[%clk 0:38:22]} 13. Qd2 {[%clk 1:09:20]} Qxd2+
{[%clk 0:38:49]} 14. Kxd2 {[%clk 1:08:16]} Nxd6 {[%clk 0:39:15]} 15. Nxd4
{[%clk 1:05:36]} Bxg4 {[%clk 0:37:52]} 16. e3 {[%clk 0:58:51]} Ne4+
{[%clk 0:23:58]} 17. Ke1 {[%clk 0:58:58]} Nc5 {[%clk 0:23:55]} 18. Rg1
{[%clk 0:55:42]} Bd7 {[%clk 0:24:20]} 19. Rd1 {[%clk 0:50:44]} Rac8
{[%clk 0:24:16]} 20. b3 {[%clk 0:42:27]} Rfd8 {[%clk 0:22:14]} 21. Bc4
{[%clk 0:36:01]} Be6 {[%clk 0:10:06]} 22. Nxe6 {[%clk 0:33:03]} Nxe6
{[%clk 0:10:35]} 23. Ke2 {[%clk 0:32:40]} Kf8 {[%clk 0:10:59]} 24. f4
{[%clk 0:27:39]} Rxd1 {[%clk 0:11:05]} 25. Rxd1 {[%clk 0:27:58]} Ke7
{[%clk 0:11:27]} 26. h4 {[%clk 0:25:13]} Rc5 {[%clk 0:11:36]} 27. Kf3
{[%clk 0:23:50]} g6 {[%clk 0:09:57]} 28. Rd5 {[%clk 0:18:01]} Rxd5
{[%clk 0:10:13]} 29. Bxd5 {[%clk 0:18:26]} b6 {[%clk 0:10:41]} 30. b4
{[%clk 0:18:06]} Ng7 {[%clk 0:08:43]} 31. e4 {[%clk 0:13:09]} Ne6
{[%clk 0:08:44]} 32. Ke3 {[%clk 0:13:17]} Kd6 {[%clk 0:08:13]} 33. Bc4
{[%clk 0:12:55]} f6 {[%clk 0:05:19]} 34. a3 {[%clk 0:07:40]} h6 {[%clk 0:04:03]}
35. Bxe6 {[%clk 0:02:20]} Kxe6 {[%clk 0:04:30]} 36. h5 {[%clk 0:02:35]} g5
{[%clk 0:02:25]} 37. b5 {[%clk 0:02:56]} Kf7 {[%clk 0:01:36]} 38. Kf3
{[%clk 0:02:46]} Ke7 {[%clk 0:01:52]} 39. Kg3 {[%clk 0:01:36]} Kf7
{[%clk 0:02:10]} 40. Kg4 {[%clk 0:31:32]} Ke6 {[%clk 0:31:31]} 41. Kg3
{[%clk 0:25:44]} Ke5 1/2-1/2